| 000 | 00738nam a2200265Ia 4500 | ||
|---|---|---|---|
| 001 | Z_2115 | ||
| 003 | CHAP | ||
| 008 | 220113s1995 xx 000 0 und d | ||
| 010 | _a165189 | ||
| 040 | _cCHAP | ||
| 090 | _aTesis A 1050 | ||
| 100 |
_aArroyo Guadarrama, Antonio _97526 |
||
| 245 |
_aLos minerales en la nutrición animal / _cpor Antonio Arroyo Guadarrama |
||
| 260 |
_aChapingo, Méx. : _bEl autor, _c1995 |
||
| 300 | _a113 h. | ||
| 502 | _aTesis (Ing. Agr. Esp. en Zootecnia) -- UACH. Departamento de Zootecnia | ||
| 650 |
_aMinerales en nutrición animal _975937 |
||
| 650 |
_aNutrición animal _982275 |
||
| 901 | _aTESIS A 1050 | ||
| 902 | _aM | ||
| 910 | _a1995 | ||
| 942 | _c2 | ||
| 942 | _c2 | ||
| 999 |
_c165189 _d165189 |
||